000 00707nam a2200181Ia 4500
008 090124s9999 xx 000 0 und d
082 _b30731
_a2177
100 _aभातखंडे विष्णु ना.
245 _a हिंदुस्थानी संगीत पध्दती भाग 2
250 _a1
260 _c1995
300 _a389
600 _aभातखंडे विष्णु ना.
630 _a हिंदुस्थानी संगीत पध्दती भाग 2
700 _aभातखंडे विष्णु ना.
730 _a हिंदुस्थानी संगीत पध्दती भाग 2
942 _cBOOK
999 _c144211
_d144211